| 000 | 00352nam a2200145Ia 4500 | ||
|---|---|---|---|
| 008 | 150201s2011 xx 000 0 und d | ||
| 082 |
_a603 _bO11K |
||
| 100 | _aKINDERSLEY , DORLING | ||
| 245 | _aDK , ILLUSTRATED OXFORD DICTIONARY | ||
| 250 | _a10TH | ||
| 260 |
_bOXFORD _aDELHI _c2011 |
||
| 300 | _a1-800 | ||
| 650 | _aDICTIONARIES | ||
| 942 |
_2ddc _cBK |
||
| 999 |
_c1321 _d1321 |
||